000 00610nam a2200253Ia 4500
003 OSt
005 20220912152001.0
006 a|||||r|||| 00| 0
007 ta
008 220909b |||||||| |||| 00| 0 eng d
024 _a62730
037 _cTextual
040 _aCSL
_beng
_cCSL
041 _aeng
082 _aB2893P, K41;17
100 _aHadley G
245 0 _aNonlinear and dynamic programming
260 _c1964
300 _ap.
_ccm.
650 _a Statistics
650 _aDynamic programming
942 _hB2893P, K41;17
_cTEXL
_2CC
999 _c78617
_d78617